Music Quiz

Random Music or Singers Quiz

Country Music Association Awards Quiz Stats

 Plays Quiz Updated Jul 12, 2019

Score 0/156 Timer 08:00
6 Plays Today
Singer % Correct
Carrie Underwood
80.4%
Carrie Underwood
80.4%
Carrie Underwood
80.4%
Garth Brooks
80%
Garth Brooks
80%
Garth Brooks
79.4%
Garth Brooks
79.4%
Garth Brooks
79.4%
Garth Brooks
79.4%
Carrie Underwood
79.1%
Carrie Underwood
79%
Taylor Swift
71.9%
Miranda Lambert
70.4%
Miranda Lambert
70.3%
Miranda Lambert
70.3%
Blake Shelton
70.1%
Blake Shelton
70.1%
Blake Shelton
70.1%
Blake Shelton
69.9%
Kenny Chesney
69.9%
Kenny Chesney
69.9%
Kenny Chesney
69.9%
Kenny Chesney
69.9%
Dolly Parton
69.3%
Dolly Parton
69.3%
Dolly Parton
69.3%
Faith Hill
69.1%
George Strait
68.4%
Tim McGraw
68.3%
Tim McGraw
68.3%
Tim McGraw
68.3%
Blake Shelton
68.1%
Miranda Lambert
68.1%
Johnny Cash
67.7%
Johnny Cash
67.7%
George Strait
66.9%
George Strait
66.9%
George Strait
66.9%
George Strait
66.9%
George Strait
66.9%
George Strait
66.9%
George Strait
66.9%
Miranda Lambert
66.3%
Miranda Lambert
66.2%
Brad Paisley
64.1%
Brad Paisley
64.1%
Keith Urban
63.9%
Reba McEntire
62.1%
Reba McEntire
62.1%
Reba McEntire
62.1%
Reba McEntire
62.1%
Reba McEntire
62.1%
Singer % Correct
Toby Keith
61%
Alan Jackson
60.4%
Alan Jackson
60.4%
Alan Jackson
60.4%
Alan Jackson
60.4%
Alan Jackson
60.4%
Keith Urban
60.3%
Keith Urban
60.3%
Keith Urban
60.3%
Keith Urban
60.3%
Luke Bryan
59.1%
Luke Bryan
58.4%
Shania Twain
56.3%
Martina McBride
55.5%
Martina McBride
55.5%
Martina McBride
55.5%
Martina McBride
55.5%
Hank Williams, Jr.
53.3%
Hank Williams, Jr.
53.3%
Brooks & Dunn
53.1%
Loretta Lynn
52.3%
Loretta Lynn
52.3%
Loretta Lynn
52.3%
Loretta Lynn
52.3%
George Jones
52.1%
George Jones
52.1%
Willie Nelson
51.7%
Chris Stapleton
48.6%
Chris Stapleton
45.1%
Chris Stapleton
45.1%
Don Williams
43.7%
Trisha Yearwood
42.2%
Trisha Yearwood
42.2%
Alabama
40.9%
Alabama
40.9%
Alabama
40.9%
Tammy Wynette
39.6%
Tammy Wynette
39.6%
Tammy Wynette
39.6%
Randy Travis
38.8%
Randy Travis
38.8%
Merle Haggard
38.8%
Merle Haggard
38.8%
Waylon Jennings
38.1%
Vince Gill
37.4%
Vince Gill
37.4%
Vince Gill
37.4%
Vince Gill
37.4%
Vince Gill
37.4%
Vince Gill
37.4%
Vince Gill
37.4%
Dixie Chicks
37.3%
Singer % Correct
Chris Stapleton
36.3%
Kenny Rogers
35.7%
Clint Black
34.6%
Taylor Swift
31.1%
Taylor Swift
31.1%
Gretchen Wilson
30.9%
Ricky Van Shelton
29.3%
Miranda Lambert
28.6%
Blake Shelton
28.2%
Charley Pride
27.5%
Charley Pride
27.5%
Charley Pride
27.5%
Brad Paisley
27%
Brad Paisley
27%
Barbara Mandrell
25.7%
Barbara Mandrell
25.7%
Barbara Mandrell
25.7%
Barbara Mandrell
25.7%
Lee Ann Womack
24.8%
Glen Campbell
23.9%
Glen Campbell
23.9%
Tanya Tucker
23.8%
John Denver
22%
Lynn Anderson
21.9%
Crystal Gayle
21.1%
Crystal Gayle
21.1%
Roy Clark
21.1%
Charlie Rich
20.9%
Charlie Rich
20.9%
Pam Tillis
20.3%
Mel Tillis
19.9%
Patty Loveless
19.9%
Ronnie Milsap
19.7%
Ronnie Milsap
19.7%
Ronnie Milsap
19.7%
Ronnie Milsap
19.7%
Alison Krauss
19%
Mary Chapin Carpenter
18.7%
Mary Chapin Carpenter
18.7%
Emmylou Harris
18.6%
Eddy Arnold
16.3%
Kathy Mattea
16%
Kathy Mattea
16%
Ricky Skaggs
15.8%
Ricky Skaggs
15.8%
Olivia Newton-John
15.5%
K.T. Oslin
14.4%
Lee Greenwood
14.1%
Lee Greenwood
14.1%
Jack Greene
13.2%
Janie Fricke
12.4%
Janie Fricke
12.4%

You're not logged in!

Compare scores with friends on all Sporcle quizzes.
OR
Log In

Sporcle TV

Today on Sporcle TV


Watch our educational content, quiz creation guides, and fun videos on Sporcle TV.

Show Comments

Extras

Top Quizzes Today


Score Distribution

Your Account Isn't Verified!

In order to create a playlist on Sporcle, you need to verify the email address you used during registration. Go to your Sporcle Settings to finish the process.

Report this User

Report this user for behavior that violates our Community Guidelines.

Details: